Complete the film title (Anne Hathaway) - Statistics

General Stats
  • This quiz has been taken 51 times
  • The average score is 12 of 16
Answer Stats
Film Title % Correct
Alice Through the Looking {Glass}
100%
Alice in {Wonderland}
100%
Les {Misérables}
95%
The Devil Wears {Prada}
95%
Brokeback {Mountain}
93%
The Dark Knight {Rises}
91%
Valentine's {Day}
91%
The Princess {Diaries}
84%
Ella {Enchanted}
77%
Ocean's {8}
77%
Rachel Getting {Married}
72%
Love & Other {Drugs}
63%
Becoming {Jane}
51%
Get {Smart}
51%
One {Day}
49%
Dark {Waters}
21%
No matching quizzes found
Score Distribution
Percent of People with Each Score
Percentile by Number Answered
Your Score History
You have not taken this quiz